1236 1997 1258 1759 1768 1977 1899 1846 1749 1137 1214 1509 1512 1615 1706 1119 1813 1495 1661 1816 1352 1375 1281 1891 1165 1442 1428 1954 1874 1880 1051 1522 1115 1935 1270 1204 1542 1873 1800 1853 1791 1346 1247 1159 1867 1700 1039 1782 1238 1930 1466 1132 1714 1832 1769 1479 1981 1779 1123 1349 1978 1909 1270 1171 1406 1018 1235 1881 1155 1462 1398 1484 1766 1607 1201 1881 1004 1196 1478 1785 1469 1757 1954 1653 1351 1034 1056 1127 1781 1713 1690 1160 1381 1969 1724 1744 1556 1897 1137 BCNSPRNW ULIB Ver.6.0+V

เปลี่ยนเป็นภาษาไทย

Change to English
 แสดงรายละเอียดบรรณานุกรม
  กลับหน้าหลัก

Brief Record : Get Marc (ISO 2709) : E-mail record : QR code < ปิดหน้าต่าง
LEADER : 00000nam 2200000uu 4500
001    13399120221
003     ULIB
008    110302s2551||||th 000 0 tha d
020    9786167299136 (ล.3)
060 04 QV55^bค125ร ล.3
245 00 รอบรู้เรื่องยาและผลิตภัณฑ์สุขภาพ เล่ม 3/^cบรรณาธิการ : อรลักษณาแพรัตกุล
250    พิมพ์ครั้งที่ 1
260    นครนายก :^bคณะเภสัชศาสตร์ มหาวิทยาลัยศรีนครินทรวิโรฒ,^c2551
300     308 หน้า :^bภาพประกอบ ;^c21 ซม.
650  7 ยา^vรวมเรื่อง
650  7 การใช้ยา^vรวมเรื่อง
650  7 ผลิตภัณฑ์สุขภาพ^vรวมเรื่อง
700 0  อรลักษณา แพรัตกุล,^eบรรณาธิการ
710 2  มหาวิทยาลัยศรีนครินทรวิโรฒ. ^bคณะเภสัชศาสตร์
945    ^p200^l0^i028419
945    ^p200^l0^i028898
945    ^p200^l0^i028899
995    ทศพร
999 ^a ใช้งานได้ทุกระบบ
รายการนี้ยังไม่มีแท็ก
คุณยังไม่ได้ล็อกอิน คุณสามารถมีกิจกรรมร่วมกับเว็บไซต์ได้ แต่ต้องล็อกอินก่อน ::
  ล็อกอิน

รายการสื่อสารสนเทศ

ลำดับที่ ประเภท เลขเรียก/บาร์โค้ด สถานที่ สถานะ
1. วิทยาศาสตร์การแพทย์ และสุขภาพ
วิทยาศาสตร์การแพทย์ และสุขภาพ
QV55 ค125ร ล.3 ฉ.1 
  Barcode: 028419
ห้องสมุดวิทยาเขตสวรรค์ประชารักษ์
►ส่วนจัดเก็บหนังสือเก่า สปร
บนชั้น
  ขอยืม
2. วิทยาศาสตร์การแพทย์ และสุขภาพ
วิทยาศาสตร์การแพทย์ และสุขภาพ
QV55 ค125ร ล.3 ฉ.2 
  Barcode: 028898
ห้องสมุดวิทยาเขตสวรรค์ประชารักษ์
►ส่วนจัดเก็บหนังสือเก่า สปร
บนชั้น
  ขอยืม
3. วิทยาศาสตร์การแพทย์ และสุขภาพ
วิทยาศาสตร์การแพทย์ และสุขภาพ
QV55 ค125ร ล.3 ฉ.3 
  Barcode: 028899
ห้องสมุดวิทยาเขตสวรรค์ประชารักษ์
►ส่วนจัดเก็บหนังสือเก่า สปร
บนชั้น
  ขอยืม

BibComment


ยังไม่เคยถูกคอมเมนท์

คอมเมนท์ทรัพยากรรายการนี้
  คอมเมนท์: รอบรู้เรื่องยาและ..


 Copyright 2026. Bcnsprnw @Library